[Event "Lliga Catalana eq. DH"]
[Site "?"]
[Date "2014.01.25"]
[Round "1.3"]
[White "Dominguez Pons, E."]
[Black "Baron Isanta, JM."]
[Result "1-0"]
[WhiteElo "2389"]
[BlackElo "2389"]
[PlyCount "42"]
[EventDate "2014.??.??"]
[EventType "team"]
[EventCountry "ESP"]

1. e4 c5 2. Nf3 e6 3. d4 cxd4 4. Nxd4 Nf6 5. Bd3 d5 6. e5 Nfd7 7. Nxe6 Bb4+ 8.
c3 fxe6 9. Qh5+ Kf8 10. cxb4 Nc6 11. Bf4 Qe7 12. a3 Qf7 13. Qh4 Ke8 14. O-O
Ndxe5 15. Bxe5 Nxe5 16. Bb5+ Bd7 17. Nc3 Qf6 18. Qg3 a6 19. Bxd7+ Kxd7 20. Rfe1
Nc4 21. Na4 Ke8 1-0

[Event "Lliga Catalana eq. DH"]
[Site "?"]
[Date "2014.01.25"]
[Round "1.3"]
[White "Fernandez Aguado, E."]
[Black "Alonso Rosell, A."]
[Result "0-1"]
[WhiteElo "2407"]
[BlackElo "2579"]
[PlyCount "63"]
[EventDate "2014.??.??"]
[EventType "team"]
[EventCountry "ESP"]

1. e4 c5 2. Nf3 d6 3. d4 Nf6 4. Nc3 cxd4 5. Nxd4 a6 6. Be2 e5 7. Nb3 Be7 8. O-O
O-O 9. a4 Nc6 10. Re1 Be6 11. Bf1 Nb4 12. Be3 Rc8 13. a5 Qd7 14. Bg5 h6 15. Bd2
Qc6 16. Nc1 Qc7 17. Nd3 Nc6 18. b4 Nd4 19. Nb2 Rfd8 20. Nba4 d5 21. exd5 Bg4
22. Qb1 Bf5 23. Bd3 e4 24. Nxe4 Nxe4 25. Bxe4 Bxe4 26. Rxe4 Nxc2 27. Ra2 Rxd5
28. Nb6 Rxd2 29. Nxc8 Qxc8 30. Rxe7 Qd8 31. Rxc2 Rxc2 32. Qe1 0-1

[Event "Lliga Catalana eq. DH"]
[Site "?"]
[Date "2014.02.15"]
[Round "1.3"]
[White "Hernando Rodrigo, JA."]
[Black "Alonso Rosell, A."]
[Result "0-1"]
[WhiteElo "2398"]
[BlackElo "2579"]
[PlyCount "81"]
[EventDate "2014.??.??"]
[EventType "team"]
[EventCountry "ESP"]

1. d4 d6 2. c4 e5 3. dxe5 dxe5 4. Qxd8+ Kxd8 5. Nc3 Be6 6. e4 Nd7 7. f4 exf4 8.
Bxf4 Ngf6 9. Nf3 Bb4 10. Ng5 h6 11. Nxe6+ fxe6 12. Be2 Nxe4 13. O-O-O Bxc3 14.
bxc3 Nxc3 15. Rd2 Rf8 16. g3 Nxe2+ 17. Rxe2 e5 18. Bxe5 Re8 19. Rhe1 Rxe5 20.
Rxe5 Nxe5 21. Rxe5 Kd7 22. Kd2 Re8 23. Rd5+ Kc6 24. Rf5 Re7 25. Kd3 Rd7+ 26.
Ke3 a6 27. a4 Kd6 28. h4 b6 29. g4 c5 30. Rf8 Kc6 31. Rc8+ Kb7 32. Rf8 b5 33.
axb5 axb5 34. cxb5 Kb6 35. g5 hxg5 36. hxg5 Kxb5 37. Rb8+ Kc4 38. Ke4 Re7+ 39.
Kf5 Kd5 40. Kg6 c4 41. Rd8+ 0-1

[Event "Lliga Catalana eq. DH"]
[Site "?"]
[Date "2014.02.08"]
[Round "1.3"]
[White "Libiszewski, F."]
[Black "Alonso Rosell, A."]
[Result "0-1"]
[WhiteElo "2497"]
[BlackElo "2579"]
[PlyCount "108"]
[EventDate "2014.??.??"]
[EventType "team"]
[EventCountry "ESP"]

1. Nf3 c5 2. c4 Nc6 3. Nc3 Nf6 4. g3 d5 5. cxd5 Nxd5 6. Bg2 g6 7. d3 Bg7 8. Bd2
O-O 9. Ng5 e6 10. h4 h6 11. Nxd5 exd5 12. Nh3 Bg4 13. Nf4 Re8 14. Qc1 g5 15.
hxg5 hxg5 16. Nxd5 Rxe2+ 17. Kf1 Re5 18. Ne3 Qxd3+ 19. Kg1 Nd4 20. Qb1 Qxb1+
21. Rxb1 Nf3+ 22. Bxf3 Bxf3 23. Rh3 Rd8 24. Bc3 Re6 25. Bxg7 Kxg7 26. g4 Be4
27. Rc1 b6 28. Nc4 Rd4 29. Ra3 Kg8 30. Kh2 Rf6 31. Kg3 Bd5 32. Ne5 Rd2 33. Rf1
Rxb2 34. Rxa7 Rxa2 35. Rxa2 Bxa2 36. Rd1 Re6 37. f4 Kg7 38. Rd7 gxf4+ 39. Kxf4
Rf6+ 40. Ke3 Rf1 41. Rb7 Re1+ 42. Kf4 Rb1 43. g5 Bd5 44. Rd7 Rb4+ 45. Kg3 Be6
46. Rb7 Re4 47. Nc6 Bd5 48. Rc7 Bxc6 49. Rxc6 Re6 50. Rc8 Re4 51. Rc6 Rb4 52.
Kf3 c4 53. Ke4 b5 54. Kd4 c3+ 0-1

[Event "Lliga Catalana eq. DH"]
[Site "?"]
[Date "2014.03.29"]
[Round "1.3"]
[White "Magem Badals, J."]
[Black "Cabrera Pino, A."]
[Result "1/2-1/2"]
[WhiteElo "2576"]
[BlackElo "2523"]
[PlyCount "51"]
[EventDate "2014.??.??"]
[EventType "team"]
[EventCountry "ESP"]

1. e4 c5 2. Nf3 d6 3. Bb5+ Bd7 4. Bxd7+ Qxd7 5. c4 Nf6 6. Nc3 g6 7. O-O Bg7 8.
d4 cxd4 9. Nxd4 O-O 10. b3 Nc6 11. Bb2 e6 12. Re1 Nxd4 13. Qxd4 Nd5 14. Qd2
Nxc3 15. Bxc3 Bxc3 16. Qxc3 b5 17. cxb5 Qxb5 18. Rad1 Rfc8 19. Qf6 Rc2 20. Rxd6
Qb4 21. Rdd1 Rxa2 22. h4 h5 23. Re3 Rd2 24. Rxd2 Qxd2 25. Rf3 Rf8 26. Kh2
1/2-1/2

[Event "Lliga Catalana eq. DH"]
[Site "?"]
[Date "2014.02.22"]
[Round "1.3"]
[White "Magem Badals, J."]
[Black "Fluvia Poyatos, Joan"]
[Result "1/2-1/2"]
[WhiteElo "2576"]
[BlackElo "2554"]
[PlyCount "74"]
[EventDate "2014.??.??"]
[EventType "team"]
[EventCountry "ESP"]

1. e4 c5 2. Nf3 e6 3. g3 Nc6 4. Bg2 Nf6 5. Qe2 e5 6. O-O Be7 7. c3 O-O 8. d3
Re8 9. a3 Bf8 10. b4 d5 11. Bg5 d4 12. b5 Na5 13. c4 Qd6 14. Qc2 b6 15. Ne1 Nb7
16. a4 a6 17. Na3 Bd7 18. f4 Ng4 19. f5 f6 20. Bc1 g6 21. Qe2 Nh6 22. Nec2 Nf7
23. Bh3 Bg7 24. bxa6 Rxa6 25. Nb5 Qc6 26. Ne1 Rea8 27. Qd1 Qc8 28. fxg6 hxg6
29. Bxd7 Qxd7 30. Ng2 Nfd6 31. Nh4 Kf7 32. Ra2 Rh8 33. Raf2 Ne8 34. Nf3 Kg8 35.
Nh4 Kf7 36. Nf3 Kg8 37. Nh4 Kf7 1/2-1/2

[Event "Lliga Catalana eq. DH"]
[Site "?"]
[Date "2014.01.25"]
[Round "1.4"]
[White "Boix Moreno, D."]
[Black "Libiszewski, F."]
[Result "0-1"]
[WhiteElo "2386"]
[BlackElo "2497"]
[PlyCount "80"]
[EventDate "2014.??.??"]
[EventType "team"]
[EventCountry "ESP"]

1. e4 e6 2. d4 d5 3. Nd2 Nf6 4. e5 Nfd7 5. Ngf3 c5 6. c3 b6 7. Bb5 a6 8. Bd3
Nc6 9. Nf1 g6 10. Bg5 Qc7 11. Rc1 b5 12. Ng3 b4 13. O-O bxc3 14. bxc3 c4 15.
Bc2 h6 16. Be3 Rb8 17. Rb1 Qa5 18. Qd2 Rxb1 19. Bxb1 Na7 20. h4 Nb5 21. Ne2 Nb6
22. h5 gxh5 23. Rc1 Na4 24. Nf4 Ba3 25. Rc2 Naxc3 26. Ne2 Bb4 27. Nxc3 Nxc3 28.
Rb2 Qa3 29. g3 a5 30. Qc1 Bd7 31. Kg2 Nd1 32. Re2 Nxe3+ 33. Qxe3 Qxe3 34. Rxe3
Ba4 35. a3 Be7 36. Ne1 Bb3 37. Nc2 h4 38. Na1 a4 39. g4 Bxa3 40. Bc2 Ke7 0-1

[Event "Lliga Catalana eq. DH"]
[Site "?"]
[Date "2014.03.29"]
[Round "1.4"]
[White "Bromberger, S."]
[Black "Alonso Rosell, A."]
[Result "1-0"]
[WhiteElo "2529"]
[BlackElo "2579"]
[PlyCount "61"]
[EventDate "2014.??.??"]
[EventType "team"]
[EventCountry "ESP"]

1. e4 d6 2. d4 Nf6 3. Nc3 e5 4. Nf3 Nbd7 5. Bc4 Be7 6. O-O O-O 7. Re1 c6 8. a4
a5 9. h3 Nb6 10. Ba2 Nfd7 11. Be3 exd4 12. Bxd4 Nc5 13. Bxc5 dxc5 14. Qe2 Qd6
15. Rad1 Qh6 16. Ne5 Be6 17. Ng4 Qg6 18. Bxe6 Qxe6 19. f4 Bh4 20. Rf1 Rad8 21.
Kh2 Qc4 22. Nh6+ Kh8 23. Nf5 Rxd1 24. Rxd1 Qxe2 25. Nxe2 Rd8 26. Rxd8+ Bxd8 27.
Nd6 Bc7 28. Nxb7 Nxa4 29. b3 Nb2 30. Nxc5 Nd1 31. g3 1-0

[Event "Lliga Catalana eq. DH"]
[Site "?"]
[Date "2014.01.25"]
[Round "1.4"]
[White "Escandell Mari, JC."]
[Black "Travesset Ribera, J."]
[Result "1/2-1/2"]
[WhiteElo "2364"]
[BlackElo "2320"]
[PlyCount "111"]
[EventDate "2014.??.??"]
[EventType "team"]
[EventCountry "ESP"]

1. e4 d5 2. exd5 Nf6 3. Bb5+ Bd7 4. Bc4 b5 5. Bb3 Bg4 6. f3 Bc8 7. Qe2 a6 8.
Nc3 b4 9. Ne4 Nxd5 10. d4 e6 11. Bg5 Be7 12. Bxe7 Qxe7 13. Bxd5 exd5 14. Nc5
Nd7 15. Nd3 Qxe2+ 16. Nxe2 a5 17. Kd2 Ba6 18. Nef4 Bxd3 19. Nxd3 O-O 20. Rhe1
Rfe8 21. Rxe8+ Rxe8 22. a3 bxa3 23. Rxa3 Nb6 24. b3 a4 25. Nc5 axb3 26. cxb3
Ra8 27. Rxa8+ Nxa8 28. Kc3 Kf8 29. Kb4 Ke7 30. Kb5 Kd6 31. Nb7+ Kd7 32. Kc5 Nb6
33. Na5 Nc8 34. Nc6 Ke6 35. Nd8+ Ke7 36. Nc6+ Ke6 37. h4 h5 38. Nb4 Nd6 39. Kc6
Nf5 40. Nc2 Nxh4 41. Ne3 Nxg2 42. Nxg2 g5 43. Ne3 f5 44. Nxd5 h4 45. Nxc7+ Kf7
46. d5 h3 47. d6 h2 48. d7 Ke7 49. Ne6 Kxe6 50. d8=Q h1=Q 51. Qd7+ Kf6 52. Qd6+
Kf7 53. Qd7+ Kf6 54. Qd8+ Ke6 55. Qd5+ Kf6 56. Qd6+ 1/2-1/2

[Event "Lliga Catalana eq. DH"]
[Site "?"]
[Date "2014.01.25"]
[Round "1.4"]
[White "Fluvia Poyatos, Jordi"]
[Black "Herrero Sabartes, J."]
[Result "1-0"]
[WhiteElo "2480"]
[BlackElo "2329"]
[PlyCount "89"]
[EventDate "2014.??.??"]
[EventType "team"]
[EventCountry "ESP"]

1. d4 Nf6 2. c4 e6 3. g3 d5 4. Nf3 Be7 5. Bg2 O-O 6. O-O dxc4 7. Qc2 Bd7 8.
Qxc4 Bc6 9. Nc3 Nbd7 10. Rd1 Nb6 11. Qd3 Nbd5 12. Ne5 Nxc3 13. Nxc6 Nxe2+ 14.
Qxe2 bxc6 15. Bxc6 Rb8 16. Bf4 Rb6 17. Rac1 Bd6 18. Be5 Qe7 19. b3 Nd5 20. Bxd6
Qxd6 21. Bxd5 exd5 22. Rc5 c6 23. Rdc1 h6 24. Ra5 Qd7 25. Re1 Rbb8 26. Qe7 Qg4
27. Ra4 a5 28. Kg2 Ra8 29. h3 Qc8 30. Re5 Qa6 31. Qc5 Rfb8 32. Re7 Rb5 33. Qd6
Qb6 34. Qf4 Rf8 35. Qc7 Qxc7 36. Rxc7 Re8 37. Rxc6 Re4 38. Rc8+ Kh7 39. Rc5 Rb4
40. Rxb4 axb4 41. Rxd5 Re2 42. Rb5 Rxa2 43. Rxb4 Kg6 44. Kf3 Kf5 45. Rb6 1-0

[Event "Lliga Catalana eq. DH"]
[Site "?"]
[Date "2014.01.25"]
[Round "1.4"]
[White "Gonzales Perez, JA."]
[Black "Pardo Simon, D."]
[Result "0-1"]
[WhiteElo "2242"]
[BlackElo "2468"]
[PlyCount "88"]
[EventDate "2014.??.??"]
[EventType "team"]
[EventCountry "ESP"]

1. Nf3 d6 2. d4 g6 3. g3 Bg7 4. Bg2 Nf6 5. O-O O-O 6. c3 Nbd7 7. Bg5 e5 8. Nbd2
h6 9. Bxf6 Qxf6 10. dxe5 dxe5 11. Ne4 Qe7 12. Qb3 Kh7 13. Ned2 Nb6 14. a4 Be6
15. Qa3 Qxa3 16. Rxa3 Rad8 17. e4 a5 18. Rc1 Nd7 19. b3 Rfe8 20. Raa1 Bf8 21.
Rcb1 f6 22. b4 Ra8 23. Bf1 Nb6 24. bxa5 Rxa5 25. Rb5 Rea8 26. c4 Rxb5 27. cxb5
Rxa4 28. Rc1 Bd6 29. Kg2 Ra2 30. h3 Kg7 31. Nb1 Ra1 32. Nfd2 Kf7 33. Bd3 Ke7
34. g4 Na4 35. Bf1 Nc5 36. f3 Nb3 37. Rc2 Nd4 38. Rb2 g5 39. Kg3 Ra2 40. Rxa2
Bxa2 41. Kf2 Bc5 42. Kg3 Bb4 43. Kf2 Kd6 44. Ke3 Kc5 0-1

[Event "Lliga Catalana eq. DH"]
[Site "?"]
[Date "2014.02.22"]
[Round "1.4"]
[White "Lorenzo de la Riva, L."]
[Black "Alonso Rosell, A."]
[Result "0-1"]
[WhiteElo "2502"]
[BlackElo "2579"]
[PlyCount "85"]
[EventDate "2014.??.??"]
[EventType "team"]
[EventCountry "ESP"]

1. e4 e5 2. Nf3 Nc6 3. Bb5 a6 4. Ba4 Nge7 5. Bb3 h6 6. d3 d6 7. c3 g6 8. Nbd2
Bg7 9. Nf1 O-O 10. h4 d5 11. Qe2 Na5 12. Bc2 Be6 13. Ng3 Nac6 14. Be3 d4 15.
cxd4 exd4 16. Bf4 Nb4 17. a3 Nxc2+ 18. Qxc2 Rc8 19. Qd2 Kh7 20. h5 g5 21. Bxg5
hxg5 22. h6 Bf6 23. e5 Bxe5 24. Nxe5 f6 25. Nf3 Qd5 26. Ne4 Ng6 27. Rc1 c5 28.
O-O Kxh6 29. Rfe1 Bg4 30. Nh2 Bf5 31. Nf1 Nf4 32. g3 Ng6 33. Nh2 Kg7 34. Re2
Rh8 35. Rce1 Rxh2 36. Kxh2 Rh8+ 37. Kg2 Bh3+ 38. Kg1 Ne5 39. Re3 dxe3 40. Rxe3
g4 41. Qc3 Rh6 42. f4 gxf3 43. Kf2 0-1

[Event "Lliga Catalana eq. DH"]
[Site "?"]
[Date "2014.02.15"]
[Round "1.4"]
[White "Perpinya Rofes, LM."]
[Black "Escandell Mari, JC."]
[Result "1/2-1/2"]
[WhiteElo "2453"]
[BlackElo "2364"]
[PlyCount "56"]
[EventDate "2014.??.??"]
[EventType "team"]
[EventCountry "ESP"]

1. e4 e5 2. Nf3 Nc6 3. Bb5 a6 4. Ba4 Nge7 5. O-O g6 6. d4 exd4 7. Nxd4 Bg7 8.
Be3 b5 9. Bb3 O-O 10. Nc3 Na5 11. Nde2 Bb7 12. Bd4 Nxb3 13. axb3 d6 14. Bxg7
Kxg7 15. Qd4+ Kg8 16. Rad1 Qd7 17. Nf4 f6 18. Rfe1 Rae8 19. Qa7 Qc8 20. Ncd5
Nxd5 21. exd5 Re5 22. c4 Rf7 23. Ne6 c6 24. Rxe5 fxe5 25. Qb6 cxd5 26. Qxd6 Rf6
27. cxd5 Bxd5 28. Qxd5 Qxe6 1/2-1/2

[Event "Lliga Catalana eq. DH"]
[Site "?"]
[Date "2014.01.25"]
[Round "1.4"]
[White "Rahal, M."]
[Black "Ayas Fernandez, A."]
[Result "1-0"]
[WhiteElo "2346"]
[BlackElo "2426"]
[PlyCount "49"]
[EventDate "2014.??.??"]
[EventType "team"]
[EventCountry "ESP"]

1. e4 c5 2. Nf3 d6 3. d4 Nf6 4. Nc3 cxd4 5. Nxd4 Nc6 6. Bg5 e6 7. Qd2 Qb6 8.
Nb3 Bd7 9. O-O-O Rc8 10. f3 a6 11. g4 Qc7 12. Be3 Ne5 13. g5 Nh5 14. f4 Nc4 15.
Bxc4 Qxc4 16. Qf2 b5 17. Kb1 b4 18. Rd4 bxc3 19. Rxc4 Rxc4 20. Bd4 e5 21. fxe5
dxe5 22. Bxe5 Rxe4 23. Re1 Rxe1+ 24. Qxe1 Be6 25. Qe2 1-0

[Event "Lliga Catalana eq. DH"]
[Site "?"]
[Date "2014.01.25"]
[Round "1.4"]
[White "Torrecillas Martinez, A."]
[Black "Grafl, F."]
[Result "1-0"]
[WhiteElo "2412"]
[BlackElo "2425"]
[PlyCount "97"]
[EventDate "2014.??.??"]
[EventType "team"]
[EventCountry "ESP"]

1. e4 e5 2. Nf3 d5 3. Nc3 d4 4. Ne2 f6 5. Ng3 Be6 6. Be2 g6 7. O-O Bh6 8. d3
Bxc1 9. Qxc1 c5 10. h3 Nc6 11. Nh2 Qc7 12. a3 Qg7 13. f4 Nge7 14. Ng4 O-O 15.
fxe5 Nxe5 16. Qf4 Nxg4 17. Bxg4 Bxg4 18. Qxg4 Nc6 19. Rf2 Rae8 20. Raf1 Ne5 21.
Qh4 Re6 22. Ne2 Rd6 23. Qg3 c4 24. Nf4 cxd3 25. cxd3 f5 26. Ne2 h5 27. exf5
gxf5 28. Qxg7+ Kxg7 29. Ng3 Kg6 30. Nxf5 Rdf6 31. Nh4+ Kg7 32. Rxf6 Rxf6 33.
Nf5+ Kg6 34. Nxd4 Nxd3 35. b4 Nf4 36. Kh2 h4 37. Nf3 Kh5 38. Nxh4 Kxh4 39. g3+
Kg5 40. Rxf4 Rxf4 41. gxf4+ Kxf4 42. Kg2 a6 43. Kf2 b6 44. a4 b5 45. axb5 axb5
46. Kg2 Ke4 47. Kg3 Kd4 48. h4 Kc4 49. h5 1-0

[Event "Lliga Catalana eq. DH"]
[Site "?"]
[Date "2014.01.25"]
[Round "1.4"]
[White "Vehi Bach, VM."]
[Black "Coll Ortega, J."]
[Result "1-0"]
[WhiteElo "2381"]
[BlackElo "2376"]
[PlyCount "77"]
[EventDate "2014.??.??"]
[EventType "team"]
[EventCountry "ESP"]

1. e4 c6 2. d4 d5 3. e5 Bf5 4. Nd2 e6 5. Nb3 Nd7 6. Nf3 Ne7 7. Be2 h6 8. O-O g5
9. Ne1 Qc7 10. Bd2 b6 11. Rc1 a5 12. a4 Bg7 13. f4 gxf4 14. Bxf4 Ng6 15. Be3
O-O 16. c4 dxc4 17. Rxc4 Be4 18. Qc1 Qd8 19. Bxh6 c5 20. Bxg7 Kxg7 21. Bf3 Bd5
22. Bxd5 exd5 23. Rc3 c4 24. Na1 Qh4 25. Nac2 Rh8 26. Rh3 Qe4 27. Rhf3 Raf8 28.
Qg5 Qh4 29. Qxh4 Rxh4 30. Ne3 Ne7 31. Rg3+ Kh8 32. Nf5 Nxf5 33. Rxf5 Rh7 34.
Nc2 Rg8 35. Ne3 Rxg3 36. hxg3 Nf8 37. Nxd5 Ne6 38. Nf6 Nxd4 39. Rg5 1-0

[Event "Lliga Catalana eq. DH"]
[Site "?"]
[Date "2014.01.25"]
[Round "1.5"]
[White "Adel Lahchaichi, O."]
[Black "Gomez Jurado, LA."]
[Result "0-1"]
[WhiteElo "2343"]
[BlackElo "2365"]
[PlyCount "68"]
[EventDate "2014.??.??"]
[EventType "team"]
[EventCountry "ESP"]

1. c4 Nf6 2. g3 g6 3. Bg2 Bg7 4. Nc3 O-O 5. d3 c5 6. a3 Nc6 7. Rb1 a5 8. Nf3 b6
9. d4 cxd4 10. Nxd4 Bb7 11. Ndb5 Qc8 12. Na4 Ne5 13. Nxb6 Qb8 14. Bd5 Nxc4 15.
Bxc4 Bxh1 16. Nxa8 Bxa8 17. Qd4 d5 18. Bf4 Qb7 19. Bd3 Ng4 20. Qa7 Qxa7 21.
Nxa7 e5 22. Bd2 e4 23. Ba6 Bd4 24. Nc8 Bxf2+ 25. Kf1 e3 26. h3 exd2 27. hxg4
Be3 28. b4 axb4 29. axb4 d4 30. b5 f5 31. g5 f4 32. g4 Be4 33. Ra1 f3 34. exf3
Bxf3 0-1

[Event "Lliga Catalana eq. DH"]
[Site "?"]
[Date "2014.01.25"]
[Round "1.5"]
[White "Aloma Vidal, R."]
[Black "Cervello Tost, F."]
[Result "1-0"]
[WhiteElo "2471"]
[BlackElo "2232"]
[PlyCount "133"]
[EventDate "2014.??.??"]
[EventType "team"]
[EventCountry "ESP"]

1. d4 Nf6 2. c4 e6 3. Nf3 d5 4. g3 Be7 5. Bg2 O-O 6. Nbd2 b6 7. O-O Bb7 8. b3
Nbd7 9. Bb2 c5 10. e3 Rc8 11. Rc1 Rc7 12. Qe2 dxc4 13. Nxc4 Qa8 14. dxc5 Nxc5
15. b4 Na6 16. a3 Rfc8 17. Be5 Rd7 18. Rfd1 Bd5 19. Nb2 Qb7 20. Nd3 Nb8 21.
Rxc8+ Qxc8 22. Rc1 Qb7 23. Nf4 Nc6 24. Nxd5 exd5 25. Bb2 Rc7 26. Nh4 Qc8 27.
Qc2 Bd8 28. Qd1 Ne5 29. Rxc7 Bxc7 30. Qc2 Qd7 31. Nf5 g6 32. Nh4 Ne8 33. Qc3 f6
34. Qd4 Kg7 35. Bxd5 Nd6 36. Bg2 Ndc4 37. Qxd7+ Nxd7 38. Bc1 Nde5 39. Bf1 b5
40. Be2 a6 41. Nf3 Nd7 42. Nd4 Kf7 43. a4 Nd6 44. axb5 axb5 45. Nxb5 Nxb5 46.
Bxb5 Nb6 47. Bd3 Ke6 48. g4 f5 49. gxf5+ gxf5 50. Kg2 Bd6 51. b5 Nd7 52. Bb2
Nc5 53. Bc2 h6 54. Bd4 Ne4 55. h3 Nf6 56. Bb3+ Ke7 57. b6 Bb8 58. Bc5+ Kd7 59.
Ba4+ Ke6 60. Bc6 f4 61. exf4 Nh5 62. f5+ Kxf5 63. Kf3 Nf4 64. Be3 h5 65. Be4+
Kg5 66. h4+ Kxh4 67. Bxf4 1-0

[Event "Lliga Catalana eq. DH"]
[Site "?"]
[Date "2014.01.25"]
[Round "1.5"]
[White "Bergez, L."]
[Black "Almeida Toledano, D."]
[Result "1-0"]
[WhiteElo "2391"]
[BlackElo "2360"]
[PlyCount "59"]
[EventDate "2014.??.??"]
[EventType "team"]
[EventCountry "ESP"]

1. e4 e6 2. d4 d5 3. exd5 exd5 4. Nf3 Bd6 5. c4 dxc4 6. Bxc4 Nf6 7. O-O O-O 8.
Bg5 h6 9. Bh4 Bf5 10. Nc3 Nbd7 11. Re1 c6 12. Ne5 Qc7 13. Nxd7 Nxd7 14. Qh5 Nb6
15. Bb3 Bh7 16. Ne4 Be7 17. Bg3 Qd8 18. Nc5 Bf6 19. Rad1 Nd5 20. Nxb7 Qb6 21.
Nd6 Bg6 22. Qf3 Rad8 23. Be5 Bg5 24. Qg3 f6 25. Nc4 Qa6 26. Bd6 Rfe8 27. h4 Bc2
28. Rxe8+ Rxe8 29. Bxc2 Qxc4 30. Bb3 1-0

[Event "Lliga Catalana eq. DH"]
[Site "?"]
[Date "2014.01.25"]
[Round "1.5"]
[White "Castelltort Fernandez, A."]
[Black "Randazzo, A."]
[Result "1-0"]
[WhiteElo "2345"]
[BlackElo "2351"]
[PlyCount "107"]
[EventDate "2014.??.??"]
[EventType "team"]
[EventCountry "ESP"]

1. d4 Nf6 2. Nf3 c5 3. e3 g6 4. dxc5 Qa5+ 5. Nbd2 Bg7 6. a3 Qxc5 7. b4 Qc7 8.
Bb2 O-O 9. c4 b6 10. Be2 Bb7 11. O-O d6 12. Qb3 Nbd7 13. Rfc1 Rac8 14. Rc2 Qb8
15. Rac1 Qa8 16. Bf1 Rc7 17. Nd4 a6 18. f3 Rfc8 19. Kh1 h5 20. e4 Bh6 21. Rd1
e5 22. Ne2 d5 23. Nc3 d4 24. Ncb1 h4 25. Bd3 Nh5 26. Nf1 Kg7 27. h3 Nf8 28. Bc1
Bf4 29. Bxf4 Nxf4 30. Nbd2 N8e6 31. Re1 Bc6 32. Ra2 Ra7 33. Nh2 a5 34. Rea1
Nxd3 35. Qxd3 axb4 36. Nb1 Bd7 37. Qd2 b3 38. Rb2 Rxc4 39. Ng4 f6 40. Qh6+ Kf7
41. Qh7+ Ng7 42. Nh6+ Ke6 43. Nd2 Bb5 44. Nxc4 Bxc4 45. Qxg6 b5 46. Qg4+ Kd6
47. Qxh4 Ke7 48. Ng4 Ne8 49. Nxe5 Rxa3 50. Rd1 Ra1 51. Qh7+ Kd6 52. Qd7+ Kxe5
53. Qxd4+ Ke6 54. Qd7+ 1-0

[Event "Lliga Catalana eq. DH"]
[Site "?"]
[Date "2014.03.29"]
[Round "1.5"]
[White "Comas Fabrego, L."]
[Black "Alonso Moyano, J."]
[Result "1/2-1/2"]
[WhiteElo "2588"]
[BlackElo "2454"]
[PlyCount "130"]
[EventDate "2014.??.??"]
[EventType "team"]
[EventCountry "ESP"]

1. d4 d5 2. c4 c6 3. Nf3 Nf6 4. Nc3 dxc4 5. a4 Bf5 6. e3 e6 7. Bxc4 Bb4 8. O-O
O-O 9. Nh4 Nbd7 10. Nxf5 exf5 11. Qc2 Nb6 12. Bb3 Qd7 13. Bd2 a5 14. Rad1 Rfe8
15. Bc1 Nbd5 16. Qd3 Re7 17. Bd2 Rae8 18. Rc1 Bxc3 19. bxc3 Ne4 20. Rb1 Nxd2
21. Qxd2 f4 22. exf4 Re2 23. Qc1 b5 24. Bxd5 Qxd5 25. axb5 cxb5 26. Qa3 a4 27.
Qb4 Rc2 28. Qxb5 Qxb5 29. Rxb5 Rxc3 30. g3 Rd3 31. Ra5 Rxd4 32. Ra1 g6 33.
R5xa4 Rxa4 34. Rxa4 Kg7 35. Ra5 Re4 36. Kg2 Rb4 37. h4 h6 38. h5 gxh5 39. Rxh5
Ra4 40. Rb5 Rc4 41. Rf5 Kg6 42. g4 Ra4 43. Kg3 Rb4 44. Ra5 Rc4 45. Ra6+ Kg7 46.
Ra5 Rb4 47. f3 Rc4 48. Ra6 Rb4 49. Rc6 Ra4 50. Rb6 Rc4 51. Rb3 Ra4 52. Rc3 Rb4
53. Rc6 Ra4 54. g5 hxg5 55. fxg5 Rb4 56. f4 Rb3+ 57. Kg4 Rb4 58. Rc5 Kg6 59.
Rd5 Ra4 60. Rd6+ Kg7 61. Kf5 Ra1 62. Rd4 Rg1 63. Ke5 Rg2 64. Re4 Rg1 65. Ra4
Rg2 1/2-1/2

[Event "Lliga Catalana eq. DH"]
[Site "?"]
[Date "2014.02.22"]
[Round "1.5"]
[White "Comas Fabrego, L."]
[Black "Fluvia Poyatos, Jordi"]
[Result "0-1"]
[WhiteElo "2588"]
[BlackElo "2480"]
[PlyCount "98"]
[EventDate "2014.??.??"]
[EventType "team"]
[EventCountry "ESP"]

1. d4 d5 2. c4 c6 3. Nf3 Nf6 4. Nc3 e6 5. cxd5 exd5 6. Bg5 Be7 7. e3 Bf5 8. Bd3
Bxd3 9. Qxd3 Nbd7 10. O-O O-O 11. Qf5 Re8 12. Rfc1 g6 13. Qc2 Nh5 14. Bxe7 Qxe7
15. b4 Nhf6 16. b5 c5 17. dxc5 Qxc5 18. Qb3 Rac8 19. Ne2 Qd6 20. Qa4 Qb6 21.
Nfd4 Ne5 22. Rxc8 Rxc8 23. Qb3 Rc4 24. Qa3 Ne4 25. Qe7 Qc7 26. Qxc7 Rxc7 27. f3
Nc3 28. Kf2 Nxe2 29. Kxe2 Rc3 30. a4 Nc4 31. e4 dxe4 32. fxe4 Re3+ 33. Kf2 Rxe4
34. Nb3 b6 35. Nc1 Nb2 36. a5 Rb4 37. axb6 axb6 38. Ra7 Rxb5 39. Rb7 Rc5 40.
Ne2 Nc4 41. Nd4 Rd5 42. Nf3 Kg7 43. h4 h6 44. g4 b5 45. Kg3 Ne5 46. Nxe5 Rxe5
47. Kf4 Rc5 48. g5 hxg5+ 49. hxg5 Rf5+ 0-1

[Event "Lliga Catalana eq. DH"]
[Site "?"]
[Date "2014.01.25"]
[Round "1.5"]
[White "Escobar Torres, A."]
[Black "Colon Garcia, E."]
[Result "1-0"]
[WhiteElo "2232"]
[BlackElo "2405"]
[PlyCount "93"]
[EventDate "2014.??.??"]
[EventType "team"]
[EventCountry "ESP"]

1. d4 Nf6 2. Nf3 e6 3. c3 c5 4. g3 d5 5. Bg2 Nc6 6. O-O Be7 7. a3 a5 8. Nbd2
cxd4 9. Nxd4 Nxd4 10. cxd4 Qb6 11. Nf3 Bd7 12. Ne5 Bb5 13. Be3 O-O 14. Qd2 Qa6
15. Rfe1 Ne4 16. Qd1 a4 17. f3 Nd6 18. Bf2 Bd8 19. e4 f6 20. Ng4 Ba5 21. exd5
Bxe1 22. Qxe1 exd5 23. Qe6+ Kh8 24. Qxd5 Nc4 25. Qh5 Rad8 26. f4 Be8 27. Qc5
Bd7 28. h3 Nd2 29. Re1 Qd3 30. Re3 Qb1+ 31. Re1 Qxb2 32. d5 Qb5 33. Qc3 Nb3 34.
Re7 Rfe8 35. Rxg7 Bxg4 36. Qxf6 Rd6 37. Qc3 Qa5 38. Qxa5 Nxa5 39. Rxg4 Rg6 40.
Rh4 Nb3 41. f5 Ra6 42. Rb4 Re7 43. g4 h6 44. Bg3 Kg7 45. d6 Rd7 46. Bxb7 Ra5
47. Bc6 1-0

[Event "Lliga Catalana eq. DH"]
[Site "?"]
[Date "2014.02.15"]
[Round "1.5"]
[White "Fernandez Cazorla, A."]
[Black "Rahal, M."]
[Result "0-1"]
[WhiteElo "2305"]
[BlackElo "2426"]
[PlyCount "100"]
[EventDate "2014.??.??"]
[EventType "team"]
[EventCountry "ESP"]

1. Nf3 Nf6 2. c4 b6 3. g3 Bb7 4. Bg2 e6 5. O-O Be7 6. d4 O-O 7. Nc3 Ne4 8. Qc2
Nxc3 9. Qxc3 f5 10. Rd1 Bf6 11. Qb3 Qe7 12. d5 Na6 13. Nd4 Bxd4 14. Rxd4 Qf6
15. Be3 Nc5 16. Qc2 e5 17. Rd2 d6 18. b4 Nd7 19. Rb1 f4 20. gxf4 exf4 21. Bd4
Ne5 22. Bxe5 Qxe5 23. Be4 Rf6 24. f3 Rh6 25. e3 fxe3 26. Rg2 a5 27. b5 Re8 28.
Re1 Qd4 29. Qb2 Qxb2 30. Rxb2 Bc8 31. Rbe2 Kf7 32. Rxe3 Bd7 33. R3e2 Rh4 34.
Re3 Kf6 35. Bd3 Rxe3 36. Rxe3 h6 37. Kg2 g5 38. Be2 Rd4 39. Bd3 Bf5 40. Bxf5
Kxf5 41. Re6 Rxc4 42. Rxh6 Rc2+ 43. Kg3 Rxa2 44. Rh8 Rb2 45. Rf8+ Kg6 46. Rg8+
Kf6 47. Rf8+ Kg7 48. Rc8 Rxb5 49. Rxc7+ Kf6 50. Rd7 Rxd5 0-1

[Event "Lliga Catalana eq. DH"]
[Site "?"]
[Date "2014.02.08"]
[Round "1.5"]
[White "Fernandez Soriano, R."]
[Black "Baron Isanta, JM."]
[Result "1-0"]
[WhiteElo "2261"]
[BlackElo "2389"]
[PlyCount "63"]
[EventDate "2014.??.??"]
[EventType "team"]
[EventCountry "ESP"]

1. d4 d6 2. Nf3 Bg4 3. c4 Nd7 4. Qb3 Rb8 5. h3 Bxf3 6. Qxf3 g6 7. Nc3 Bg7 8. e3
c5 9. Qd1 a6 10. a4 Ngf6 11. d5 O-O 12. Be2 Nb6 13. O-O e6 14. dxe6 fxe6 15. e4
Ne8 16. Qd3 Nc8 17. Bg4 Nc7 18. Be3 b6 19. Rad1 Qd7 20. f4 Bxc3 21. bxc3 Qxa4
22. f5 Qe8 23. Bh6 Rf7 24. fxg6 Rxf1+ 25. Rxf1 hxg6 26. e5 Kh7 27. Bf8 dxe5 28.
Qe3 Rb7 29. Qxe5 Na8 30. Bxe6 Qd8 31. Bf7 Qxf8 32. Bxg6+ 1-0